000 01031nam a2200289Ia 4500
005 20220317001722.0
008 170306s2007 ck a g 000 j spa
020 _a9789583005732
041 _aspa
100 1 _aNiño, Jairo Aníbal
_d1941-
245 1 3 _aEl quinto viaje y otras historias del Nuevo Mundo
_cJairo Aníbal Niño ; ilustraciones de Juanita Isaza
250 _aPrimera edición.,sexta reimpresión
300 _a153 páginas
_bilustraciones a color
_c22 cm
490 _aLiteratura juvenil
650 1 4 _2LEMB
_aCuentos infantiles colombianos
_ySiglo XX
650 1 4 _2LEMB
_aLiteratura infantil colombiana
_ySiglo XX
650 1 4 _2LEMB
_aAmor en la literatura
650 1 4 _2LEMB
_aAventuras en la literatura
700 1 _aIsaza, Juanita
_eilustradora
_911257
942 _2loc
_cBKINF
264 _aBogotá
_bPanamericana
_c2007
336 _atexto
_btxt
_2rdacontent
337 _asin mediación
_bn
_2rdamedia
338 _avolumen
_bnc
_2rdacarrier
040 _aCO-BoRNBP
_bspa
_erda
_cCO-BoRNBP
084 _aC NIÑ1
999 _c7846
_d7846